000 00300nam a22001337a 4500
008 181017b xxu||||| |||| 00| 0 eng d
020 _a2900205467357
041 _aeng
080 _26th
_a070
100 _a40
101 _aMED
245 _aMastering Public Speaking
_cGrice,G.L
942 _2udc
_cBK
999 _c50039
_d50039